[Event "SK Wildeshausen-SV Unterkochen"]
[Site "?"]
[Date "2009.12.27"]
[Round "1.2"]
[White "Duchow, Julien"]
[Black "Deguenther, Julius"]
[Result "1-0"]
[WhiteElo "1515"]
[BlackElo "1247"]
[PlyCount "104"]
[EventDate "2009.??.??"]
[WhiteTeam "SK Wildeshausen"]
[BlackTeam "SV Unterkochen"]

1. e4 e5 2. Nf3 Nc6 3. Bb5 a6 4. Ba4 Nf6 5. O-O b5 6. Bb3 Be7 7. Re1 O-O 8. c3
d6 9. h3 h6 10. d4 Bb7 11. Nbd2 Qd7 12. Nf1 Rfe8 13. Ng3 Rad8 14. d5 Nb8 15.
Nf5 Kh7 16. Nh2 Bf8 17. Ng4 Nxg4 18. Qxg4 g6 19. Ne3 Qxg4 20. Nxg4 Bg7 21. a4
Re7 22. Bc2 c5 23. axb5 axb5 24. Be3 Ba6 25. Ra5 Rb7 26. Rea1 Rb6 27. b4 Rc8
28. g3 h5 29. Nh2 Bh6 30. f4 exf4 31. gxf4 f6 32. Nf3 Rc7 33. Nd2 Bc8 34. Ra7
Rxa7 35. Rxa7+ Rb7 36. Rxb7+ Bxb7 37. bxc5 dxc5 38. Kf2 Nd7 39. Nb3 c4 40. Nd4
Ba6 41. Kf3 Kg7 42. Ne6+ Kh7 43. Nc7 Bc8 44. Nxb5 Nf8 45. h4 Kg7 46. Nd6 Ba6
47. Ba4 Kg8 48. Bb5 Bxb5 49. Nxb5 Nd7 50. Nd6 Nb6 51. Bxb6 Bf8 52. Nxc4 Kf7 1-0

[Event "SK Wildeshausen-SV Unterkochen"]
[Site "?"]
[Date "2009.12.27"]
[Round "1.3"]
[White "Basaran, Mehmet"]
[Black "Finke, Maurice"]
[Result "0-1"]
[WhiteElo "1106"]
[BlackElo "1411"]
[PlyCount "132"]
[EventDate "2009.??.??"]
[WhiteTeam "SV Unterkochen"]
[BlackTeam "SK Wildeshausen"]

1. e4 c5 2. Nf3 e6 3. d3 Nc6 4. Nbd2 Nge7 5. g3 g6 6. Bg2 Bg7 7. O-O O-O 8. Re1
d6 9. c3 b6 10. Nf1 Ba6 11. Be3 d5 12. Qc2 d4 13. Bd2 dxc3 14. Bxc3 Qxd3 15.
Qxd3 Bxd3 16. Bxg7 Kxg7 17. Rad1 Rad8 18. Re3 c4 19. b3 Nb4 20. Ne1 Nc2 21.
Nxc2 Bxc2 22. Rxd8 Rxd8 23. bxc4 Bd3 24. Nd2 Bc2 25. Re2 Bd1 26. Re1 Rxd2 27.
a3 Be2 28. Bf1 Bxf1 29. Kxf1 Rc2 30. Rd1 Rxc4 31. Rd7 Nc6 32. Rc7 Rc1+ 33. Kg2
h5 34. h4 a5 35. a4 Kf6 36. Kh3 Rc2 37. Kg2 Nd4 38. Rxc2 Nxc2 39. Kf3 Ke5 40.
g4 hxg4+ 41. Kxg4 Kxe4 42. Kg5 Ne1 43. Kf6 Nf3 44. Kxf7 Nxh4 45. Kxe6 Kf3 46.
Kd6 Kxf2 47. Kc6 g5 48. Kxb6 g4 49. Kxa5 g3 50. Kb5 g2 51. a5 g1=Q 52. a6 Qg5+
53. Kb6 Qf6+ 54. Kb7 Qe7+ 55. Kb8 Qd6+ 56. Kb7 Qb4+ 57. Kc7 Qa5+ 58. Kb7 Qb5+
59. Ka7 Nf5 60. Ka8 Qxa6+ 61. Kb8 Qd6+ 62. Kb7 Ne7 63. Ka7 Qb4 64. Ka6 Nd5 65.
Ka7 Qb6+ 66. Ka8 Nc7# 0-1

[Event "SK Wildeshausen-SV Unterkochen"]
[Site "?"]
[Date "2009.12.27"]
[Round "1.4"]
[White "Schaar, Tim"]
[Black "Zoller, Philipp"]
[Result "1/2-1/2"]
[WhiteElo "900"]
[BlackElo "1021"]
[PlyCount "97"]
[EventDate "2009.??.??"]
[WhiteTeam "SK Wildeshausen"]
[BlackTeam "SV Unterkochen"]

1. e4 e5 2. Nf3 Nc6 3. d4 exd4 4. Nxd4 Nf6 5. Nxc6 bxc6 6. e5 Nd5 7. Bd3 Bc5 8.
c4 Ne7 9. O-O d6 10. exd6 cxd6 11. Be3 Bb6 12. Nc3 Be6 13. b4 d5 14. c5 Bc7 15.
Be2 O-O 16. Bg5 f6 17. Bh4 Nf5 18. Bg3 Nxg3 19. fxg3 Be5 20. Rc1 Qc7 21. b5
Rad8 22. b6 axb6 23. cxb6 Qxb6+ 24. Kh1 Rfe8 25. Rb1 Qc7 26. Rc1 Ra8 27. Nb5
Qd7 28. Nc3 Bxc3 29. Rxc3 Rxa2 30. g4 Rf8 31. h3 Raa8 32. Qc1 Rac8 33. g5 fxg5
34. Rxf8+ Kxf8 35. Rf3+ Kg8 36. Qxg5 Rf8 37. Rxf8+ Kxf8 38. Qh4 Kg8 39. Bd3 g6
40. Kh2 c5 41. Kg1 Kf8 42. Qf6+ Qf7 43. Qh8+ Ke7 44. Qb8 c4 45. Qb4+ Kd8 46.
Qd6+ Qd7 47. Qf8+ Kc7 48. Qc5+ Kb8 49. Qb4+ 1/2-1/2

[Event "SG Turm Raesfeld-SK 1926 Ettlingen"]
[Site "?"]
[Date "2009.12.27"]
[Round "1.1"]
[White "Volz, Alexander"]
[Black "Suer, Maximilian"]
[Result "1-0"]
[WhiteElo "1768"]
[BlackElo "1153"]
[PlyCount "47"]
[EventDate "2009.??.??"]
[WhiteTeam "SK 1926 Ettlingen"]
[BlackTeam "SG Turm Raesfeld"]

1. e4 e5 2. Nf3 Nc6 3. Bc4 Nf6 4. Ng5 d5 5. exd5 Na5 6. Bb5+ c6 7. dxc6 bxc6 8.
Qf3 Bb7 9. Bd3 h6 10. Ne4 Be7 11. Nbc3 Qc7 12. Qg3 Kf8 13. Nxf6 Bxf6 14. b4 Re8
15. bxa5 Qxa5 16. Ne4 Qd8 17. Nxf6 Qxf6 18. Ba3+ Kg8 19. Rb1 Bc8 20. O-O Be6
21. c4 Rd8 22. Rb7 Rd7 23. Rxd7 Bxd7 24. Bb2 1-0

[Event "SG Turm Raesfeld-SK 1926 Ettlingen"]
[Site "?"]
[Date "2009.12.27"]
[Round "1.2"]
[White "Ridder, David"]
[Black "Imgrunt, Philipp"]
[Result "0-1"]
[WhiteElo "1251"]
[BlackElo "1548"]
[PlyCount "62"]
[EventDate "2009.??.??"]
[WhiteTeam "SG Turm Raesfeld"]
[BlackTeam "SK 1926 Ettlingen"]

1. e4 e6 2. d4 d5 3. e5 c5 4. c3 Qb6 5. Nf3 Nc6 6. Bd3 Bd7 7. Bc2 cxd4 8. cxd4
Nge7 9. O-O Ng6 10. Nc3 Be7 11. Na4 Qc7 12. Be3 O-O 13. a3 Rac8 14. Qd3 Nb4 15.
axb4 Qxc2 16. Nc5 Rxc5 17. Qxc2 Rxc2 18. Rxa7 Bc6 19. Rb1 Bxb4 20. h3 f6 21.
Raa1 fxe5 22. dxe5 h6 23. Nd4 Rc4 24. Nxe6 Re8 25. b3 Re4 26. Nd4 R4xe5 27. Re1
Bd6 28. Rac1 Rc8 29. Nb5 Bf8 30. Nd4 Bd7 31. Rcd1 Be6 0-1

[Event "SG Turm Raesfeld-SK 1926 Ettlingen"]
[Site "?"]
[Date "2009.12.27"]
[Round "1.3"]
[White "Reiß, Michael"]
[Black "Springenberg, Christoph"]
[Result "1-0"]
[WhiteElo "1563"]
[BlackElo "1147"]
[PlyCount "41"]
[EventDate "2009.??.??"]
[WhiteTeam "SK 1926 Ettlingen"]
[BlackTeam "SG Turm Raesfeld"]

1. e4 e5 2. Nf3 Nc6 3. Bc4 d6 4. Nc3 Bg4 5. h3 Bh5 6. g4 Bg6 7. d3 Nf6 8. Bg5
Be7 9. Qd2 O-O 10. O-O-O Re8 11. Rdg1 Qd7 12. Be3 a6 13. h4 h5 14. gxh5 Nxh5
15. Rxg6 Kf8 16. Rg2 Qd8 17. Ng5 Bxg5 18. Rxg5 g6 19. f4 b5 20. Bd5 Qd7 21. f5
1-0

[Event "SG Turm Raesfeld-SK 1926 Ettlingen"]
[Site "?"]
[Date "2009.12.27"]
[Round "1.4"]
[White "Tünte, Marcel"]
[Black "Jülg, Julian"]
[Result "1-0"]
[WhiteElo "1210"]
[BlackElo "1065"]
[PlyCount "55"]
[EventDate "2009.??.??"]
[WhiteTeam "SG Turm Raesfeld"]
[BlackTeam "SK 1926 Ettlingen"]

1. e4 c5 2. Bc4 e6 3. Nc3 d6 4. Nf3 Be7 5. d3 Nf6 6. Be3 Bd7 7. d4 cxd4 8. Bxd4
Nc6 9. Qd3 Qc7 10. O-O-O Rc8 11. Bb3 a6 12. h4 O-O 13. Rdg1 Kh8 14. g4 Rcd8 15.
g5 Nh5 16. Ne2 b5 17. Ng3 Nxg3 18. Rxg3 a5 19. h5 Nxd4 20. Nxd4 g6 21. hxg6
fxg6 22. e5 Be8 23. Rgh3 Bxg5+ 24. Kb1 Rd7 25. Nxe6 Qb7 26. Nxf8 Re7 27. Rxh7+
Rxh7 28. Rxh7+ 1-0

[Event "TuS Coswig-SC Widdern"]
[Site "?"]
[Date "2009.12.27"]
[Round "1.1"]
[White "Schissler, Cornelius"]
[Black "Kieslich, Aaron"]
[Result "0-1"]
[WhiteElo "1263"]
[BlackElo "1700"]
[PlyCount "120"]
[EventDate "2009.??.??"]
[WhiteTeam "SC Widdern"]
[BlackTeam "TuS Coswig"]

1. e4 c5 2. Nf3 Nc6 3. Nc3 g6 4. Bc4 Bg7 5. d3 d6 6. h3 a6 7. a3 e6 8. O-O Nge7
9. Qe1 O-O 10. Rb1 b5 11. Ba2 Bb7 12. Bg5 Qd7 13. Be3 Nd4 14. Bxd4 cxd4 15. Ne2
Nc6 16. Qd2 Rac8 17. Rfc1 Qc7 18. c3 dxc3 19. Nxc3 Qb6 20. Rc2 Rc7 21. Ne2 Rfc8
22. Rbc1 Ne7 23. Rxc7 Rxc7 24. Rxc7 Qxc7 25. b4 d5 26. exd5 Nxd5 27. Bb3 Kf8
28. Ned4 Nf4 29. Ne2 Nxe2+ 30. Qxe2 Qc1+ 31. Qd1 Qxa3 32. Qc2 Qxb4 33. Qc7 Bf6
34. Qxb7 Qxb3 35. Qxa6 Qb1+ 36. Kh2 Qxd3 37. Qb6 Qd5 38. Kg3 Kg7 39. Kh2 Qc4
40. Qa6 Qb3 41. Qb6 Qb2 42. g4 g5 43. Qe3 b4 44. Kg3 b3 45. Nd2 Qe5+ 46. Qxe5
Bxe5+ 47. Kf3 b2 48. Nb1 f5 49. Ke3 Kg6 50. f3 h5 51. Kd3 Bg7 52. Kc2 Bd4 53.
Nd2 e5 54. Nb3 hxg4 55. hxg4 Kf6 56. Nxd4 exd4 57. Kxb2 fxg4 58. fxg4 Ke5 59.
Kc2 Kf4 60. Kd3 Kxg4 0-1

[Event "TuS Coswig-SC Widdern"]
[Site "?"]
[Date "2009.12.27"]
[Round "1.2"]
[White "Linnemann, Niklas"]
[Black "Dirks, Alexander"]
[Result "1-0"]
[WhiteElo "1577"]
[BlackElo "1107"]
[PlyCount "41"]
[EventDate "2009.??.??"]
[WhiteTeam "TuS Coswig"]
[BlackTeam "SC Widdern"]

1. e4 e5 2. f4 d6 3. Nf3 Nc6 4. Bc4 exf4 5. d4 Nf6 6. Nc3 Be6 7. d5 Bd7 8. dxc6
Bxc6 9. Ng5 d5 10. exd5 Nxd5 11. Nxd5 Qxg5 12. Nxc7+ Ke7 13. Qe2+ Kd8 14. Nxa8
Bxg2 15. Rg1 Qh4+ 16. Kd1 f3 17. Qd3+ Ke8 18. Nc7+ Ke7 19. Nd5+ Ke8 20. Re1+
Kd8 21. Nf6+ 1-0

[Event "TuS Coswig-SC Widdern"]
[Site "?"]
[Date "2009.12.27"]
[Round "1.3"]
[White "Weinmeister, Nico"]
[Black "Marek, Moritz"]
[Result "1-0"]
[WhiteElo "1075"]
[BlackElo "1298"]
[PlyCount "77"]
[EventDate "2009.??.??"]
[WhiteTeam "SC Widdern"]
[BlackTeam "TuS Coswig"]

1. e4 d5 2. exd5 Qxd5 3. Nc3 Qa5 4. d4 c6 5. Nf3 Nf6 6. Bd2 Qc7 7. Bd3 Bg4 8.
h3 Bh5 9. g4 Bg6 10. Bxg6 hxg6 11. Qe2 Nbd7 12. O-O-O O-O-O 13. Ne5 Nxe5 14.
dxe5 Ne8 15. Bf4 e6 16. Qe3 Kb8 17. Rd2 Be7 18. Rhd1 Qc8 19. f3 Rxh3 20. Ne4
Rh8 21. Nd6 Nxd6 22. exd6 Bf6 23. d7+ Ka8 24. dxc8=B Rxc8 25. Bg5 a6 26. Bxf6
gxf6 27. Qf4 f5 28. Rd7 Rhf8 29. Qe5 fxg4 30. fxg4 f5 31. Qxe6 f4 32. Qxg6 f3
33. Rf1 f2 34. Rd2 Rg8 35. Qd3 Rxg4 36. Rdxf2 Rgg8 37. Qa3 Ka7 38. Qc5+ b6 39.
Rf7+ 1-0

[Event "TuS Coswig-SC Widdern"]
[Site "?"]
[Date "2009.12.27"]
[Round "1.4"]
[White "Franke, Alexander"]
[Black "Hoffmann, Jens"]
[Result "1/2-1/2"]
[WhiteElo "1075"]
[BlackElo "899"]
[PlyCount "94"]
[EventDate "2009.??.??"]
[WhiteTeam "TuS Coswig"]
[BlackTeam "SC Widdern"]

1. e4 e5 2. Nf3 Nc6 3. d4 exd4 4. Nxd4 Bc5 5. Be3 Qf6 6. Nxc6 Qxc6 7. Bxc5 Qxc5
8. Nc3 Nf6 9. f3 O-O 10. Qd2 d6 11. O-O-O Be6 12. g4 Nd7 13. h4 Qa5 14. Nd5
Qxa2 15. Qd4 c6 16. Bc4 Qa1+ 17. Kd2 Qa5+ 18. c3 cxd5 19. exd5 b5 20. dxe6 bxc4
21. exd7 Qc7 22. f4 Qxd7 23. f5 Qc6 24. g5 f6 25. Rhg1 d5 26. h5 Qd6 27. h6
Qh2+ 28. Kc1 gxh6 29. gxh6+ Kh8 30. Rh1 Qd6 31. Rh4 Rg8 32. Rg1 Rxg1+ 33. Qxg1
Qe7 34. Rg4 Qf7 35. Qd4 Rf8 36. Rg7 Qh5 37. Qf4 Re8 38. Rg1 Qe2 39. Qg3 Qe3+
40. Qxe3 Rxe3 41. Kc2 Rh3 42. Rg7 Rxh6 43. Rxa7 Rh2+ 44. Kb1 Kg8 45. Rd7 Rd2
46. Kc1 Rd3 47. Kc2 h5 1/2-1/2

[Event "SC Eppelborn-SC Vaterstetten"]
[Site "?"]
[Date "2009.12.27"]
[Round "1.1"]
[White "Xiong, Ferdinand"]
[Black "Dickmann, Christopher"]
[Result "1-0"]
[WhiteElo "1806"]
[BlackElo "1212"]
[PlyCount "87"]
[EventDate "2009.??.??"]
[WhiteTeam "SC Vaterstetten"]
[BlackTeam "SC Eppelborn"]

1. e4 e5 2. Nf3 Nc6 3. Bc4 Bc5 4. c3 Nf6 5. d3 d6 6. O-O O-O 7. Re1 Bg4 8. Nbd2
Re8 9. Nf1 Ne7 10. h3 Be6 11. Bb3 Ng6 12. Ng3 d5 13. exd5 Bxd5 14. Be3 Bd6 15.
Ne4 Bxb3 16. axb3 Nxe4 17. dxe4 Nf8 18. Qd5 b6 19. Ra6 h6 20. Rea1 Qb8 21. Nh4
Rd8 22. Qc4 Nd7 23. b4 Qb7 24. Nf5 Nb8 25. R6a2 Rd7 26. f3 b5 27. Qb3 Nc6 28.
Qd5 Rdd8 29. Rxa7 Bf8 30. Rxa8 Rxd5 31. exd5 Nb8 32. R1a7 Qc8 33. Ng3 Bd6 34.
Ne4 Bf8 35. Bc5 f5 36. Bxf8 fxe4 37. d6 exf3 38. dxc7 f2+ 39. Kf1 Qd7 40. Bc5
Qd1+ 41. Kxf2 Qd2+ 42. Kg1 Qc1+ 43. Kh2 Qf4+ 44. Kh1 1-0

[Event "SC Eppelborn-SC Vaterstetten"]
[Site "?"]
[Date "2009.12.27"]
[Round "1.2"]
[White "Klesen, Jonas"]
[Black "Castell, Patrick"]
[Result "0-1"]
[WhiteElo "995"]
[BlackElo "1374"]
[PlyCount "116"]
[EventDate "2009.??.??"]
[WhiteTeam "SC Eppelborn"]
[BlackTeam "SC Vaterstetten"]

1. e4 e5 2. Nc3 Nf6 3. Nf3 Nc6 4. Bc4 Nxe4 5. Bxf7+ Kxf7 6. Nxe4 Be7 7. b3 Rf8
8. O-O Kg8 9. Bb2 d6 10. h3 Bf5 11. Ng3 Bg6 12. d4 exd4 13. Nxd4 Nxd4 14. Bxd4
Bf6 15. Bxf6 Qxf6 16. Qd2 Kh8 17. Kh2 Qf4 18. Qxf4 Rxf4 19. c3 Raf8 20. f3 Kg8
21. Rae1 Bd3 22. Rf2 Bg6 23. Ne2 R4f6 24. Ng3 c6 25. Rfe2 d5 26. Re7 R6f7 27.
Re8 Rd7 28. R8e7 Rfd8 29. Rxd7 Rxd7 30. Nf1 Kf8 31. Kg3 Re7 32. Rxe7 Kxe7 33.
Kf4 Ke6 34. Ne3 c5 35. Nd1 Bb1 36. a3 Bc2 37. Ne3 Bxb3 38. Nf5 g6 39. Ne3 d4
40. cxd4 cxd4 41. Nf1 Bc2 42. Kg3 b5 43. Nd2 a5 44. Kf2 b4 45. axb4 axb4 46.
Nc4 b3 47. Ke2 d3+ 48. Kd2 Kf5 49. Nb2 Kf4 50. Nxd3+ Bxd3 51. Kxd3 Kg3 52. Kc3
Kxg2 53. Kxb3 Kxf3 54. Kc2 Kg3 55. Kd2 Kxh3 56. Ke3 g5 57. Kf3 g4+ 58. Kf4 g3
0-1

[Event "SC Eppelborn-SC Vaterstetten"]
[Site "?"]
[Date "2009.12.27"]
[Round "1.3"]
[White "Schackmann, Oliver"]
[Black "Jankir, Hevidar"]
[Result "1/2-1/2"]
[WhiteElo "1138"]
[BlackElo "926"]
[PlyCount "32"]
[EventDate "2009.??.??"]
[WhiteTeam "SC Vaterstetten"]
[BlackTeam "SC Eppelborn"]

1. e4 e5 2. Nf3 Nc6 3. Bc4 Nf6 4. d3 Be7 5. Be3 d6 6. Nbd2 O-O 7. O-O Be6 8.
Bb3 Qd7 9. c3 Rad8 10. d4 exd4 11. cxd4 d5 12. e5 Ne8 13. Ne1 f6 14. f4 g6 15.
Nd3 Ng7 16. Qc2 Bf7 1/2-1/2

[Event "SC Eppelborn-SC Vaterstetten"]
[Site "?"]
[Date "2009.12.27"]
[Round "1.4"]
[White "Jankir, Delschad"]
[Black "Hilger, Sebastian"]
[Result "0-1"]
[WhiteElo "758"]
[BlackElo "1022"]
[PlyCount "64"]
[EventDate "2009.??.??"]
[WhiteTeam "SC Eppelborn"]
[BlackTeam "SC Vaterstetten"]

1. e4 e5 2. Nf3 Nc6 3. Nc3 Bb4 4. Bc4 d6 5. d3 Bg4 6. Bd2 Nd4 7. a3 Ba5 8. b4
Bb6 9. a4 a6 10. a5 Ba7 11. h3 Bxf3 12. gxf3 Nf6 13. Be3 O-O 14. Bxd4 Bxd4 15.
Qd2 Re8 16. Rg1 Kh8 17. Bxf7 Re7 18. Bc4 b5 19. Bd5 Nxd5 20. exd5 Rc8 21. O-O-O
c6 22. f4 Rf7 23. fxe5 Rxf2 24. Qe1 cxd5 25. exd6 Qxd6 26. Ne2 Be3+ 27. Kb1
Rxe2 28. Qxe2 Qxb4+ 29. Ka2 Qa4+ 30. Kb2 Qb4+ 31. Ka2 Bd4 32. Rb1 Qa4# 0-1